Statistics for Most Populous Indian States

Click here to take the quiz!

General Stats

  • This quiz has been taken 15 times
  • The average score is 12 of 14

Answer Stats

PopulationState% Correct
125,143,792Maharashtra
100%
83,000,076Rajasthan
100%
241,342,893Uttar Pradesh
100%
100,798,572West Bengal
100%
124,365,901Bihar
92%
36,198,683Kerala
92%
54,900,013Andhra Pradesh
83%
68,923,911Karnataka
83%
87,102,787Madhya Pradesh
83%
83,083,908Tamil Nadu
83%
65,009,783Gujarat
75%
47,134,652Odisha
75%
40,214,153Telangana
75%
39,545,346Jharkhand
67%

Score Distribution

Percentile by Number Answered

Percent of People with Each Score

Your Score History

You have not taken this quiz